Landlocked Countries: Sudden Death! - Statistics

General Stats
  • This quiz has been taken 54 times
  • The average score is 13 of 19
Answers on the Grid
Answers color-coded by a green-red scale on the quiz's grid according to % correct below.
Zambia
Uzbekistan
Liechtenstein
Austria
Chad
France
South Sudan
Uruguay
Bolivia
Russia
Nepal
Azerbaijan
Monaco
Slovenia
Japan
Czechia
Serbia
Moldova
Ukraine
Switzerland
Algeria
Brazil
Paraguay
Vatican City
Albania
Tajikistan
Mongolia
Pakistan
Afghanistan
Laos
North Korea
Turkmenistan
 
Answer Stats
Answer % Correct
Austria
87%
Chad
84%
Liechtenstein
82%
Bolivia
79%
Nepal
79%
Czechia
74%
Uzbekistan
74%
South Sudan
71%
Zambia
68%
Switzerland
66%
Vatican City
66%
Moldova
61%
Paraguay
58%
Mongolia
55%
Serbia
55%
Afghanistan
53%
Tajikistan
53%
Laos
50%
Turkmenistan
39%
No matching quizzes found
Score Distribution
Percent of People with Each Score
Percentile by Number Answered
Your Score History
You have not taken this quiz